Documento firmado por Miguel Arroyo (Record no. 4826)

MARC details
000 -CABECERA
campo de control de longitud fija 01623nam a2200301 a 4500
001 - NÚMERO DE CONTROL
campo de control BRCA_5132
005 - FECHA Y HORA DE LA ÚLTIMA TRANSACCIÓN
campo de control 20190320204943.0
008 - DATOS DE LONGITUD FIJA--INFORMACIÓN GENERAL
campo de control de longitud fija 191110m1853----mx-######v---#000-0#spa-#
041 ## - CÓDIGO DE LENGUA
Código de lengua del texto/banda sonora o título independiente spa
044 ## - CÓDIGO DEL PAÍS DE LA ENTIDAD EDITORA/PRODUCTORA
Código MARC del país mx
084 ## - OTRO NÚMERO DE CLASIFICACIÓN
Número de clasificación DOC105
Número de documento/Ítem .A77
-- 1853
100 1# - ENTRADA PRINCIPAL--NOMBRE DE PERSONA
Nombre de persona Arroyo, José Miguel
Títulos y otros términos asociados al nombre Secretario de Relaciones Exteriores
Fechas asociadas al nombre 1810?-1875
9 (RLIN) 13102
245 10 - MENCIÓN DE TÍTULO
Título Documento firmado por Miguel Arroyo
Mención de responsabilidad, etc. Miguel Arroyo, José López Uraga.
260 ## - PUBLICACIÓN, DISTRIBUCIÓN, ETC.
Lugar de publicación, distribución, etc. México
Fecha de publicación, distribución, etc. 1853
300 ## - DESCRIPCIÓN FÍSICA
Extensión [2] fojas
Dimensiones 27 x 21 cm
500 ## - NOTA GENERAL
Nota general Documento firmado el 28 de marzo de 1853
500 ## - NOTA GENERAL
Nota general Don Miguel Arroyo comunica al Oficial Mayor de Ministerio de Hacienda por haber nombrado a Don José López Uraga enviado extraordinario y Ministro Plenipotensario cerca de S.M.C. cesado en el cargo de negocios de la República en la misma corte Don Eduardo Goroztiza y se pide entregar a su ponderado Don Vicente Goroztiza el dinero necesario para el regreso del mismo
500 ## - NOTA GENERAL
Nota general El documento contiene la leyenda DOC. #269
500 ## - NOTA GENERAL
Nota general Al margen: MINISTRO DE RELACIONES INTERIORES Y EXTERIORES
500 ## - NOTA GENERAL
Nota general Estado de conservación: contiene dobleces y rotura la primera foja
506 0# - NOTA DE RESTRICCIONES AL ACCESO
Limitaciones de acceso Fondo reservado: para su consulta es necesario credencial de usuario y carta de motivos
546 ## - NOTA DE LENGUA/LENGUAJE
Nota de lengua/lenguaje Texto en: español de mediados del siglo XIX
600 14 - PUNTO DE ACCESO ADICIONAL DE MATERIA--NOMBRE DE PERSONA
Nombre de persona Arroyo, José Miguel
Títulos y otros términos asociados al nombre Secretario de Relaciones Exteriores
Fechas asociadas al nombre 1810?-1875
9 (RLIN) 13102
650 14 - PUNTO DE ACCESO ADICIONAL DE MATERIA--TÉRMINO DE MATERIA
Término de materia o nombre geográfico como elemento de entrada Relaciones internacionales
Subdivisión de forma Manuscrito
Subdivisión general Historia
Subdivisión cronológica Federalismo y centralismo, 1824-1853
Subdivisión geográfica México
9 (RLIN) 13103
700 1# - PUNTO DE ACCESO ADICIONAL--NOMBRE DE PERSONA
Nombre de persona López Uraga, José
Títulos y otros términos asociados al nombre Militar
Fecha de publicación/de la obra 1810-1885
9 (RLIN) 13104
902 ## - CATALOGADOR
Iniciales FDH
942 ## - ELEMENTOS DE PUNTO DE ACCESO ADICIONAL (KOHA)
Fuente del sistema de clasificación o colocación Library of Congress Classification
Tipo de ítem Koha Documentos
Holdings
Estado de retiro Estado de pérdida Estado dañado No para préstamo Localización permanente Ubicación/localización actual Fecha de adquisición Total de préstamos Signatura topográfica completa Código de barras Fecha visto por última vez Precio válido a partir de Tipo de ítem Koha
El ejemplar forma parte de la colección y puede ser consultado según las políticas vigentes.       Biblioteca del Museo Franz Mayer (Rogerio Casas-Alatriste) Biblioteca del Museo Franz Mayer (Rogerio Casas-Alatriste) 19/11/2010   DOC105 .A77 1853 5476 22/03/2019 22/03/2019 Documentos